MARC

LEADER 00000nam0a2200000 4500
001 179345
005 20231101223452.0
010 |a 5897020302 
035 |a (RuTPU)RU\TPU\book\194413 
090 |a 179345 
100 |a 20100420d2000 m y0rusy50 ca 
101 0 |a rus 
102 |a RU 
105 |a a z 000gy 
200 1 |a Ласковая наглость  |e стихи  |f А. И. Казанцев 
210 |a Томск  |c Томский ЦНТИ  |d 2000 
215 |a 192 с.  |c ил. 
606 1 |a Русская литература современная  |2 stltpush  |3 (RuTPU)RU\TPU\subj\26373  |9 50316 
610 1 |a поэзия 
610 1 |a стихотворения 
610 1 |a Коллекция ТПУ 
610 1 |a выпускники ТПИ 
675 |a Р2  |v 3 
700 1 |a Казанцев  |b А. И.  |c русский писатель  |c поэт  |c выпускник ХТФ ТПИ 1975 г.  |c гл. редактор альманаха "Сибирские Афины"  |c руководитель литобъединения "Молодые голоса"  |f 1952-2007  |g Александр Иннокентьевич  |2 stltpush  |3 (RuTPU)RU\TPU\pers\13160 
801 1 |a RU  |b 63413507  |c 20100420 
801 2 |a RU  |b 63413507  |c 20210125  |g RCR 
942 |c BK